000 00704nam a2200253Ia 4500
003 OSt
005 20221005070138.0
006 a|||||r|||| 00| 0
007 ta
008 221004b |||||||| |||| 00| 0 eng d
020 _a9783955044121 (hbl)
_c
_ 36.09
024 _a69723
037 _bGift, 28/10/2021,
_cTextual
040 _aCRL
_cCRL
_beng
041 _2eng
_aeng
082 _aV55, [R1]
100 _aVerlag Kunth Au.
_9605394
245 0 _aGermany
_b at the heart of europe
260 _aMunchen
_bKunth Verlag Gmbh
_c2016
300 _a375p.
_ccm.
650 _aHISTORY
942 _hV55, [R1]
_cTEXL
_2cc
999 _c975767
_d975767